Традиция политехников - продолжать традиции; Томский политехник; Вып. 3

Podrobná bibliografie
Parent link:Томский политехник: ежегодный журнал/ Томский политехнический университет (ТПУ), Ассоциация выпускников.— , 1995-
Вып. 3.— 1997.— [С. 3-6]
Hlavní autor: Похолков Ю. П. Юрий Петрович
Shrnutí:Заглавие с титульного листа
Электронная версия печатной публикации
Jazyk:ruština
Vydáno: 1997
Edice:Колонка редактора
Témata:
On-line přístup:Цветная версия без потери качества
Médium: Elektronický zdroj Kapitola
KOHA link:https://koha.lib.tpu.ru/cgi-bin/koha/opac-detail.pl?biblionumber=188818

MARC

LEADER 00000nla2a2200000 4500
001 188818
005 20240914063138.0
035 |a (RuTPU)RU\TPU\book\205101 
035 |a RU\TPU\book\204050 
090 |a 188818 
100 |a 20101215d1997 km y0rusy50 ca 
101 0 |a rus 
102 |a RU 
135 |a drnn ---uucaa 
181 0 |a i  
182 0 |a b 
200 1 |a Традиция политехников - продолжать традиции  |f Ю. П. Похолков 
203 |a Текст  |c электронный 
215 |a 1 файл (12.7 Мб) 
225 1 |a Колонка редактора 
300 |a Заглавие с титульного листа 
300 |a Электронная версия печатной публикации 
337 |a Adobe Reader 
461 1 |0 (RuTPU)RU\TPU\book\202435  |t Томский политехник  |o ежегодный журнал  |f Томский политехнический университет (ТПУ), Ассоциация выпускников  |d 1995- 
463 1 |0 (RuTPU)RU\TPU\book\205097  |t Вып. 3  |v [С. 3-6]  |d 1997  |p 95 с. 
601 0 2 |a Томский политехнический университет (ТПУ)  |b Ассоциация выпускников  |2 stltpush  |3 (RuTPU)RU\TPU\col\13437 
610 1 |a политехники 
610 1 |a традиции 
610 1 |a электронный ресурс 
700 1 |a Похолков  |b Ю. П.  |c специалист в области электротехники, доктор технических наук  |c ректор Томского политехнического университета (1990-2008), профессор  |f 1939-  |g Юрий Петрович  |x TPU  |y Томск  |3 (RuTPU)RU\TPU\pers\10508  |9 2235 
801 1 |a RU  |b 63413507  |c 20101101 
801 2 |a RU  |b 63413507  |c 20110110  |g RCR 
856 4 |u http://www.lib.tpu.ru/fulltext/v/Tomsk_polytechnic/1997/N3a1_full.pdf  |z Цветная версия без потери качества 
942 |c CF